|
|
|
|
| LEADER |
00000nab a2200000ua 4500 |
| 001 |
vtls010811251 |
| 003 |
SK-MaSNL |
| 005 |
20260303153355.0 |
| 008 |
230222s2010 xo |||||||||||||||||eng| |
| 035 |
|
|
|a (urnnbn)urn:nbn:sk:snk:ar-002akp
|
| 035 |
|
|
|a urn:nbn:sk:snk-ab5ggm
|
| 035 |
|
|
|a (uuid)6f39c49a-c954-4851-9459-2abaa37dc66d
|
| 040 |
|
|
|a SNKBUCL
|b slo
|c SNKBUCL
|e AACR2
|
| 041 |
0 |
|
|a eng
|
| 044 |
|
|
|a xo
|c SK
|
| 100 |
1 |
|
|a Uysal, Burhanettin
|4 aut
|9 1175060
|
| 245 |
1 |
0 |
|a COMBUSTION PROPERTIES OF MULBERRY (MORUS ALBA L.) LAMINATED VENEER LUMBERS BONDED WITH PVAC, PF ADHESIVES AND IMPREGNATED WITH SOME FIRE-RETARDANTS
|c Burhanettin Uysal, Şeref Kurt
|
| 700 |
1 |
|
|a Kurt, Şeref
|4 aut
|9 1175061
|
| 773 |
0 |
|
|t Wood research
|g Roč. 55, č. 2 (2010), s. 99-113
|
| 958 |
|
|
|a OND
|
| 958 |
|
|
|a EUIPO
|
| 958 |
|
|
|a article5
|
| 999 |
|
|
|c 2028107
|d 2030037
|